000 00994nas a2200349 4500
001 BR0504434
003 BR-BrBNA
005 20231205105631.0
007 ta
008 230509b bl.|||p| |||| 00| 00por d
040 _aBR-BrBNA
_bpor
_cBiblioteca Nacional de Agricultura
041 _a(Pt)
072 _aL02
100 1 _aLongo, F.A.
100 1 _aMenten, J.F.M.
100 1 _aPedroso, A.A.
100 1 _aFigueiredo, A.N.
100 1 _aRacanicci, A.M.C.
100 1 _aGaiotto, J.B.
100 1 _aSorbara, J.O.B.
245 1 _aDiferentes fontes de proteína na dieta pré-inicial de frangos de corte
650 _aFRANGO DE CORTE
650 _aDIETA
650 _aPERFORMANCE
650 _aPROTEÍNA
650 _aGLÚTEN
650 _aMILHO
650 _aRAÇÃO BALANCEADA
773 0 _tRevista Brasileira de Zootecnia (Brazil)
_xISSN 1516-3598
_g(Jan-Feb 2005), v. 34(1) p. 112-122
_wBR0504434
909 _a202311
_bLúcia
_c55
_dLúcia Elande
942 _2AGRIS
_n0
_cANA
999 _c183875
_d183875